Bibliografía: Costa Rica

Uloženo v:
Podrobná bibliografie
Korporativní autor: ICADIS
Médium: Text
Vydáno: San José: ICADIS
Tagy: Přidat tag
Žádné tagy, Buďte první, kdo vytvoří štítek k tomuto záznamu!

MARC

LEADER 00000 a a2200000 04500
001 23780
003
040
090 |a 168200  
110 |a ICADIS  
245 |a Bibliografía: Costa Rica  
260 |a San José:   |b ICADIS  
300 |a 7 p.  
999 |c 13074  |d 13074